La mirada distante
Uloženo v:
| Hlavní autor: | |
|---|---|
| Médium: | Kniha |
| Jazyk: | španělština |
| Vydáno: |
Buenos Aires
El Cuenco de Plata
2015
|
| Vydání: | 1a. ed |
| Edice: | Teoría y Ensayo
|
| Témata: | |
| Tagy: |
Přidat tag
Žádné tagy, Buďte první, kdo vytvoří štítek k tomuto záznamu!
|
MARC
| LEADER | 00000cam a2200000 a 4500 | ||
|---|---|---|---|
| 001 | UCE9225 | ||
| 003 | CL-VaPUC | ||
| 008 | 151009e20150000ag |||||||||||||||||spa|d | ||
| 020 | |a 9789873743269 | ||
| 082 | 0 | 4 | |a 306 |b LEV |2 21 |
| 100 | |a Lévi-Strauss, Claude |e author |9 265689 | ||
| 245 | 1 | 3 | |a La mirada distante |
| 250 | |a 1a. ed | ||
| 300 | |a 320 p | ||
| 942 | |c BK | ||
| 945 | |d 20151009 15:17:00 |a dcastane | ||
| 260 | |a Buenos Aires |b El Cuenco de Plata |c 2015 | ||
| 650 | 0 | |a Antropología cultural |9 269905 | |
| 650 | 0 | |a Antropología social |9 306264 | |
| 583 | |a last modification |c 20151009 15:17:00 |k Rodrigo Vera | ||
| 490 | 0 | |a Teoría y Ensayo | |
| 999 | |c 360902 |d 360900 | ||
| 952 | |0 0 |1 0 |3 erb |4 0 |6 306_000000000000000_LEV_2015 |7 0 |8 A |9 471165 |a BIBART |b BIBART |i 5241790 |o 306 LEV 2015 |p 5241790 |r 2025-03-13 |w 2019-11-24 |y BK |z Catalogado en:20151009 |k ART | ||